夺灵大战 Duo ling da zhan = Soul harvest {ch} / (Record no. 38130)
[ view plain ]
| 000 -LEADER | |
|---|---|
| fixed length control field | 01076nam a2200193 4500 |
| 003 - CONTROL NUMBER IDENTIFIER | |
| control field | OSt |
| 005 - DATE AND TIME OF LATEST TRANSACTION | |
| control field | 20191024161819.0 |
| 008 - FIXED-LENGTH DATA ELEMENTS--GENERAL INFORMATION | |
| fixed length control field | 150413b ch ||||| |||| 00| 0 chi d |
| 020 ## - INTERNATIONAL STANDARD BOOK NUMBER | |
| International Standard Book Number | 9787802113688 |
| 100 ## - MAIN ENTRY--PERSONAL NAME | |
| 9 (RLIN) | 237 |
| Personal name | 蒂姆·莱希 Tim LaHaye |
| 245 ## - TITLE STATEMENT | |
| Title | 夺灵大战 Duo ling da zhan = Soul harvest {ch} / |
| Statement of responsibility, etc | 蒂姆·莱希 Tim LaHaye |
| 260 ## - PUBLICATION, DISTRIBUTION, ETC. (IMPRINT) | |
| Place of publication, distribution, etc | 北京 Bei jing : |
| Name of publisher, distributor, etc | 中央编译出版社 Zhong yang bian yi chu ban she, |
| Date of publication, distribution, etc | 2007. |
| 300 ## - PHYSICAL DESCRIPTION | |
| Extent | 253 p. |
| Dimensions | 23 cm. |
| 336 ## - CONTENT TYPE | |
| Source | rdacontent |
| 337 ## - MEDIA TYPE | |
| Source | rdamedia |
| 338 ## - CARRIER TYPE | |
| Source | rdacarrier |
| 520 ## - SUMMARY, ETC. | |
| Summary, etc | 數以千萬計的人在全球大地震中喪生,巴克在廢墟裏四處尋找生死未卜的愛妻切麗。猶太拉比齊翁躲在地下避難所中,通過互聯網繼續傳揚福音,並得到熱烈回應。雷德發現自己續娶的妻子阿曼達已葬身河底,各種跡象令他不得不懷疑她的身份。卡帕斯亞被隨從奉為救世主,他指揮世界共同人員開展重建工作。此時,《啟示錄》上預言的冰雹、烈火、鮮血的洪流從天而降…… |
| 942 ## - ADDED ENTRY ELEMENTS (KOHA) | |
| Source of classification or shelving scheme | Library of Congress Classification |
| Item type | Books |
| Koha issues (borrowed), all copies | 1 |
| Withdrawn status | Lost status | Source of classification or shelving scheme | Damaged status | Not for loan | Home library | Current library | Shelving location | Date acquired | Inventory number | Shelving control number | Total Checkouts | Full call number | Barcode | Date last seen | Date last borrowed | Price effective from | Koha item type |
|---|---|---|---|---|---|---|---|---|---|---|---|---|---|---|---|---|---|
| Library of Congress Classification | BSOP Library | BSOP Library | Chinese Books (General Circulation) | 04/13/2015 | C-13004 | 1 | PS3562.A315 L13s 2006 | 00045404 | 11/07/2019 | 10/24/2019 | 04/13/2015 | Books |
